| 000 | 01318cam a22003497a 4500 | ||
|---|---|---|---|
| 003 | CHAP | ||
| 005 | 20220329135110.0 | ||
| 008 | 971013s1983 r 00010 d | ||
| 010 | _a30900 | ||
| 011 | _a31872 | ||
| 035 | _a35984 | ||
| 040 | _cCHAP | ||
| 090 | _aTesis | ||
| 100 | 0 | 0 |
_aNava Vargas, Lauro. _980488 |
| 245 | 1 | 3 | _aLa exposición a la información y factores que influyen en la percepción de problemas técnico-agricolas en maíz por los productores del Distrito de Riego No. 19 del Itsmo de Tehuantepec, Oaxaca |
| 260 |
_aChapingo, Méx. : _bEl autor, _c1983 |
||
| 300 | _a171 h. mapas | ||
| 502 | _aTesis (M. C. Esp. en Desarrollo Rural) -- Colegio de Postgraduados. Centro de Desarrollo Rural | ||
| 590 |
_aALEPH _b10 _c20130110 _lUCH01 _h1252 |
||
| 590 |
_aBATCH-UPD _b10 _c20130110 _lUCH01 _h2053 |
||
| 590 |
_aBATCH-UPD _b10 _c20130410 _lUCH01 _h1407 |
||
| 590 |
_aBATCH-UPD _b10 _c20130914 _lUCH01 _h1209 |
||
| 590 |
_aCONVERSION _b10 _c20130109 _lUCH01 _h1318 |
||
| 650 | 1 | 4 |
_aAgricultura _xTrabajadores _xOaxaca. _91870 |
| 650 | 1 | 4 |
_aDistrito de Riego Tehuantepec, Oax. _932943 |
| 650 | 1 | 4 |
_aMaíz _zOaxaca. _971100 |
| 901 | _aBK | ||
| 942 | _cFOLL | ||
| 949 |
_bBC _cTES _d-83039 _eTS1 _i35984 _si |
||
| 949 |
_bBC _cTES _d-83041 _eTS2 _fc.2 _i35984 _si |
||
| 949 |
_bBC _cTES _d-83042 _eTS2 _fc.3 _i35984 _si |
||
| 999 |
_c30900 _d30900 |
||